COV in every answer - Statistics

General Stats
  • This quiz has been taken 7 times
  • The average score is 5 of 10
Answer Stats
Hint Answer % Correct
Version of a song, originally sang by someone else Cover
100%
A 'bond' in chemistry Covalent
67%
When others don't speak to you - usu. as a punishment. Sent to... Coventry
50%
Whitewash Coverup
50%
Very desirable Coveted
50%
A native or resident of Moscow Muscovite
50%
A nook or bower Alcove
33%
An area in London long noted for its produce market Covent Garden
33%
Undercover Covert
33%
A famous ship; a space shuttle or a variety of apple Discovery
33%
No matching quizzes found
Score Distribution
Percent of People with Each Score
Percentile by Number Answered
Your Score History
You have not taken this quiz